Nitrianska Streda 740. výročie prvej písomnej zmienky : 1278-2018

Bibliographic Details
Other Authors: Piačeková, Eva (Compiler)
Format: Book
Language:Slovak
PhysicalDescription:168 strán farebné fotografie 23 cm
Published: Topoľčany Tristanpress spol. s.r.o. 2018
ISBN:9788089173655
Subjects:

MARC

LEADER 00000cam a2200000 4500
001 vtls011838320
003 SK-MaSNL
005 20260302021955.0
008 200507s2018 xo o gr 000 0 slo
015 |a SNBA2019/09 
020 |a 9788089173655  |q (viazané) 
035 |a urn:nbn:sk:snk-am00dyd4 
035 |a urn:nbn:sk:snk-am3i9ev 
035 |a A8537A11-6F77-48FB-BA49-C76D1B45A67A 
040 |a SNK  |b slo  |c SNK  |e rda 
041 0 |a slo 
043 |a e-xo--- 
044 |a xo  |c SK 
072 7 |a 94(437.6)  |x Dejiny Slovenska  |2 konspekt 
080 |a 911.375(091)  |2 2011 
080 |a 913  |2 2011 
080 |a 929-058.1  |2 2011 
080 |a (048.8)  |2 2011 
080 |a (437.6)  |2 2011 
245 0 0 |a Nitrianska Streda  |b 740. výročie prvej písomnej zmienky : 1278-2018  |c zostavila Eva Piačeková 
264 1 |a Topoľčany  |b Tristanpress spol. s.r.o.  |c 2018 
300 |a 168 strán  |b farebné fotografie  |c 23 cm 
336 |a text  |b txt  |2 rdacontent 
336 |a statický obraz  |b sti  |2 rdacontent 
337 |a bez média  |b n  |2 rdamedia 
338 |a zväzok  |b nc  |2 rdacarrier 
500 |a Vydané pre obec Nitrianska Streda 
648 7 |a 1278-2018  |2 SNKPH  |9 666907 
650 0 7 |a dejiny obcí  |2 SNKPH  |9 164834 
650 0 7 |a regionálna geografia  |2 SNKPH  |9 822 
650 0 7 |a History of cities and towns  |2 SNKPHeng  |9 267901 
650 0 7 |a Regional geography  |2 SNKPHeng  |9 267552 
650 0 7 |a Regional celebrities  |2 SNKPHeng  |9 266494 
650 0 7 |a osobnosti  |2 SNKPH  |9 29820 
651 7 |a Nitrianska Streda (Slovensko)  |2 SNKPHgeo  |9 78701 
651 7 |a Nitrianska Streda (Slovakia)  |2 SNKPHeng  |9 666908 
655 7 |a monografie  |2 SNKPH  |9 70139 
655 7 |a Monographs  |2 SNKPHeng  |9 120675 
700 1 |a Piačeková, Eva  |4 com  |9 125864 
919 |a 978-80-89173-65-5 
999 |c 1031007  |d 1032937 
952 |a SNK  |b SNK  |y PREZ  |7 0  |p 17A1360288  |o snkSC 182983  |i snk2019/4964  |8 0  |0 0  |1 0  |4 0  |d 2019-02-21  |f 1  |l 0  |r 2026-02-24 13:53:42  |w 2026-02-24 
952 |a SNK  |b SNK  |y VYP  |7 0  |p 17A1360289  |o snkSC 182983 D1  |i snk2019/4965  |8 0  |0 0  |1 0  |4 0  |d 2019-02-21  |l 1  |r 2026-04-23 13:18:33  |s 2026-04-07  |w 2026-02-24